000 00742cam a22002533a 4500
001 27678
003 PGUSA
005 20140828083610.0
008 081231s2008||||xxu|||||s|||||000 1 eng d
040 _aPGUSA
_beng
042 _adc
050 4 _aPZ
100 1 _aCoolidge, Susan,
_d1835-1905
245 1 0 _aNine Little Goslings
_h[electronic resource] /
_cSusan Coolidge
260 _bProject Gutenberg,
_c2008
506 _aPublic domain in the USA.
516 _aElectronic text
653 _aConduct of life -- Juvenile fiction
653 _aChildren -- Conduct of life -- Juvenile fiction
653 _aChildren's stories
830 0 _aProject Gutenberg
_v27678
856 4 0 _uhttp://www.gutenberg.org/ebooks/27678
942 _cEB
999 _c256933
_d256933